Normal view
MARC view
- Nazir Sadia
Entry Personal Name
001 - CONTROL NUMBER
- control field: 124182
003 - CONTROL NUMBER IDENTIFIER
- control field: NUST
005 - DATE AND TIME OF LATEST TRANSACTION
- control field: 20240708160851.0
008 - FIXED-LENGTH DATA ELEMENTS
- fixed length control field: 240708|| aca||aabn | a|a d
040 ## - CATALOGING SOURCE
- Original cataloging agency: NUST
- Transcribing agency: NUST
100 ## - HEADING--PERSONAL NAME
- Personal name: Nazir Sadia
670 ## - SOURCE DATA FOUND
- Source citation: Work cat.: (NUST): Nazir Sadia, Evaluating the Role of Inflammation In Glioblastoma Multiform Induced Depression Disorder for Alternate Therapeutics/
